|
|
|
|
| LEADER |
00000cam a22000001 4500 |
| 001 |
51633 |
| 003 |
CZ-ZlUTB |
| 005 |
20190826001525.0 |
| 008 |
991010s1961 xo ao r 0|0 0 slo |
| 040 |
|
|
|a ABA001
|b cze
|c ABA001
|d ABA001
|d ZLD002
|
| 041 |
0 |
|
|a slo
|b rus
|b ger
|
| 072 |
|
7 |
|a 577
|x Biochemie. Molekulární biologie. Biofyzika
|2 Konspekt
|9 2
|
| 080 |
|
|
|a 577.112.82
|2 MRF
|
| 080 |
|
|
|a 675.1.015
|2 MRF
|
| 080 |
|
|
|a 543.645
|2 MRF
|
| 080 |
|
|
|a (048.8)
|2 MRF
|
| 100 |
1 |
|
|a Kubelka, Václav,
|d 1892-1977
|7 jk01070303
|4 aut
|
| 245 |
1 |
0 |
|a Kolagenové vazivo v kůži :
|b popis fysikálních a chemických vlastností kožní škáry se zřetelem na technologii koželužského průmyslu /
|c Václav Kubelka
|
| 250 |
|
|
|a 1. vyd.
|
| 260 |
|
|
|a Bratislava :
|b Vydavateľstvo Slovenskej akadémie vied,
|c 1961
|
| 300 |
|
|
|a 295 s. :
|b il. ;
|c 25 cm
|
| 504 |
|
|
|a Obsahuje bibliografii
|
| 546 |
|
|
|a Ruské a německé resumé
|
| 650 |
0 |
7 |
|a kolagen
|7 ph205184
|2 czenas
|
| 650 |
0 |
7 |
|a struktura kůží
|7 ph139220
|2 czenas
|
| 650 |
0 |
7 |
|a biochemická analýza
|7 ph250768
|2 czenas
|
| 655 |
|
7 |
|a monografie
|7 fd132842
|2 czenas
|
| 910 |
|
|
|a ZLD002
|
| 952 |
|
|
|0 0
|1 0
|4 0
|6 57KUBELKAV
|7 0
|8 BOOK
|9 92010
|a UTBZL
|b UTBZL
|c 030
|d 2009-04-02
|l 0
|o 57/KUBELKA,V.
|p 420010123126
|r 2019-08-26 00:00:00
|v 34.00
|w 2019-08-26
|x N:převod - Svit; | 20100831
|y 05
|
| 952 |
|
|
|0 0
|1 0
|4 0
|6 57KUBELKAV
|7 0
|8 BOOK
|9 92011
|a UTBZL
|b UTBZL
|c 030
|d 2009-04-02
|l 0
|o 57/KUBELKA,V.
|p 420010123128
|r 2019-08-26 00:00:00
|v 34.00
|w 2019-08-26
|x N:převod - Svit; | 20100831
|y 05
|
| 992 |
|
|
|a BK
|
| 999 |
|
|
|c 51633
|d 51633
|